000 00513nam a2200169 i 4500
001 125603
003 ES-MaACL
007 t|
008 070620s1954 sp ||||1| spa d
100 1 _aZiesel, Kurt.
_9118248
245 1 0 _aY lo que queda es el hombre /
_cKurt Ziesel ; [versión española de Joaquín Verdaguer].
250 _a1ª ed.
260 _aBarcelona :
_bLuis de Caralt,
_c[1954] (
_fAmpurias)
300 _a359 p. ;
_c20 cm.
600 1 4 _aVerdaguer, Joaquín.
_9114000
852 _aES-MaACL
_jC-8771
999 _c125603
_d125603